Language in Social Worlds / (Record no. 1466270)

MARC details
000 -LEADER
fixed length control field 00635nam a2200241 4500
003 - CONTROL NUMBER IDENTIFIER
control field OSt
005 - DATE AND TIME OF LATEST TRANSACTION
control field 20251211161559.0
008 - FIXED-LENGTH DATA ELEMENTS--GENERAL INFORMATION
fixed length control field LD
020 ## - INTERNATIONAL STANDARD BOOK NUMBER
International Standard Book Number 0631193367
040 ## - CATALOGING SOURCE
Original cataloging agency LNDL
Transcribing agency LNDL
041 ## - LANGUAGE CODE
Language code of text/sound track or separate title Eng
100 ## - MAIN ENTRY--PERSONAL NAME
Personal name Robinson , W. peter
9 (RLIN) 856122
245 ## - TITLE STATEMENT
Title Language in Social Worlds /
Statement of responsibility, etc. Robinson w peter
300 ## - PHYSICAL DESCRIPTION
Extent 368p.
650 ## - SUBJECT ADDED ENTRY--TOPICAL TERM
Topical term or geographic name entry element Language in Social Worlds
9 (RLIN) 856123
650 ## - SUBJECT ADDED ENTRY--TOPICAL TERM
Topical term or geographic name entry element Language and Language
9 (RLIN) 856124
650 ## - SUBJECT ADDED ENTRY--TOPICAL TERM
Topical term or geographic name entry element Commmunication
9 (RLIN) 856125
650 ## - SUBJECT ADDED ENTRY--TOPICAL TERM
Topical term or geographic name entry element Sociolinguistics
9 (RLIN) 856126
650 ## - SUBJECT ADDED ENTRY--TOPICAL TERM
Topical term or geographic name entry element Human behavior
9 (RLIN) 856127
700 ## - ADDED ENTRY--PERSONAL NAME
Personal name Robinson w peter
9 (RLIN) 856128
942 ## - ADDED ENTRY ELEMENTS (KOHA)
Source of classification or shelving scheme Colon Classification (CC)
Koha item type General Books
Suppress in OPAC No

No items available.

Copyright @ Delhi University Library System